000
00307nam a2200121 a 4500
001
000045930
005
20201002052530.0
008
150602s2004 000 spa d
040
_a
DO-SdBNP
_b
spa
_c
BNPHU
245
0
_a
Carnet de bord 2007-2008.
260
_a
s. l.,
_c
s. f.
300
_a
80 p. :
_b
il. ;
_c
22 cm.
999
_c
45419
_d
45419